000
00341nam a2200133Ia 4500
008
230817s1968 xx 000 0 und d
041
_a
eng
082
_a
348048/CHA
100
_a
Chaitely DV
245
_a
All India Reporter -1968 MP,Madras,Manipur
260
_a
Nagpur
_b
The All India Reporter
_c
1968
300
_a
96p
650
_a
REPORTS
999
_c
838960
_d
838960